Tous les nominés au ballon d'or depuis 2000 - Statistiques

Statistiques générales
  • Ce quiz a été pris 48 fois
  • Le résultat moyen est 141 sur 304
Statistiques - réponses
Pays Joueur Club du Prime % Correct
Portugal Cristiano Ronaldo Real Madrid
95%
Brésil Ronaldo Real Madrid
95%
Maroc Achraf Hakimi Paris Saint-Germain
92%
Argentine Lionel Messi FC Barcelone
89%
Espagne Andrés Iniesta FC Barcelone
87%
France Zinédine Zidane Real Madrid
87%
Nigeria Ademola Lookman Atalanta Bergamo
84%
France Antoine Griezmann Atlético Madrid
84%
Norvège Erling Braut-Haaland Manchester City
82%
France Karim Benzema Real Madrid
82%
Belgique Kevin De Bruyne Manchester City
82%
Egypte Mohamed Salah Liverpool FC
82%
France Paul Pogba Manchester United
82%
Sénégal Sadio Mané Liverpool FC
82%
Espagne Xavi FC Barcelone
82%
Croatie Luka Modrić Real Madrid
79%
Brésil Neymar FC Barcelone
79%
Espagne Rodri Manchester United
79%
Uruguay Edinson Cavani Paris Saint-Germain
76%
France Franck Ribéry FC Bayern München
76%
France Kylian Mbappé Real Madrid
76%
Uruguay Luis Suárez FC Barcelone
76%
Allemagne Manuel Neuer FC Bayern München
76%
France N'Golo Kanté Chelsea FC
76%
Côte d'Ivoire Yaya Touré Manchester City
76%
Italie Gianluigi Buffon Juventus Turin
74%
Angleterre Harry Kane FC Bayern München
74%
Angleterre Jude Bellingham Real Madrid
74%
Côte d'Ivoire Kolo Touré Manchester City
74%
Pologne Robert Lewandowski FC Bayern München
74%
Cameroun Samuel Eto'o FC Barcelone
74%
Espagne Sergio Ramos Real Madrid
74%
Allemagne Thomas Müller FC Bayern München
74%
Allemagne Toni Kroos Real Madrid
74%
Portugal Vitinha Paris Saint-Germain
74%
Suède Zlatan Ibrahimović Paris Saint-Germain
74%
Chili Alexis Sanchez Arsenal FC
71%
Argentine Ángel Di María Paris Saint-Germain
71%
Côte d'Ivoire Didier Drogba Chelsea FC
71%
Belgique Eden Hazard Chelsea FC
71%
Colombie James Rodríguez AS Monaco
71%
Brésil Juninho Olympique Lyonnais
71%
France Ousmane Dembélé Paris Saint-Germain
71%
Brésil Ronaldinho FC Barcelone
71%
Argentine Sergio Agüero Manchester City
71%
Brésil Thiago Silva Paris Saint-Germain
71%
Pays-Bas Virgil van Dijk Liverpool FC
71%
Pays-Bas Arjen Robben FC Bayern München
68%
Portugal Bernardo Silva Manchester City
68%
Argentine Emiliano Martínez Aston Villa
68%
Pays de Galles Gareth Bale Real Madrid
68%
Espagne Gerard Piqué FC Barcelone
68%
France Hugo Lloris Tottenham Hotspurs
68%
Portugal João Neves Paris Saint-Germain
68%
Brésil Kaká AC Milan
68%
Argentine Lautaro Martínez Inter Milan
68%
Brésil Roberto Firmino Liverpool FC
68%
France Thierry Henry Arsenal FC
68%
Nigeria Victor Osimhen SSC Napoli
68%
Brésil Vinícius Júnior Real Madrid
68%
Chili Arturo Vidal Juventus Turin
66%
Angleterre Bukayo Saka Arsenal FC
66%
Espagne Fernando Torres Liverpool FC
66%
Corée du Sud Heung-Min Son Tottenham Hotspurs
66%
Géorgie Khvicha Kvaratskhelia Paris Saint-Germain
66%
Corée du Sud Min-Jae Kim SSC Napoli
66%
Espagne Pedri FC Barcelone
66%
France Raphaël Varane Real Madrid
66%
Italie Andrea Pirlo AC Milan
63%
France Bixente Lizarazu FC Bayern München
63%
France Désiré Doué Paris Saint-Germain
63%
Uruguay Federico Valverde Real Madrid
63%
Allemagne Florian Wirtz Bayer Leverkusen
63%
France Lilian Thuram Juventus Turin
63%
Allemagne Mesut Özil Real Madrid
63%
Italie Paolo Maldini AC Milan
63%
Belgique Romelu Lukaku Inter Milan
63%
Italie Alessandro Del Piero Juventus Turin
61%
Argentine Alexis MacAllister Liverpool FC
61%
Portugal Bruno Fernandes Manchester United
61%
Brésil Dani Alves FC Barcelone
61%
Espagne David Villa FC Barcelone
61%
Italie Francesco Totti AS Roma
61%
Pays-Bas Frenkie de Jong FC Barcelone
61%
Colombie Luis Díaz Liverpool FC
61%
Brésil Marcelo Real Madrid
61%
Argentine Paulo Dybala Juventus Turin
61%
Portugal Pepe Real Madrid
61%
Allemagne Philipp Lahm FC Bayern München
61%
Gabon Pierre-Emerick Aubameyang Borussia Dortmund
61%
France William Saliba Arsenal FC
61%
Espagne Alejandro Grimaldo Bayer Leverkusen
58%
Ukraine Andriy Shevchenko AC Milan
58%
Espagne Carles Puyol FC Barcelone
58%
France Christopher Nkunku RB Leipzig
58%
France Claude Makélélé Real Madrid
58%
Espagne Dani Carvajal Real Madrid
58%
France Dimitri Payet West Ham United
58%
Italie Fabio Cannavaro Real Madrid
58%
Angleterre Frank Lampard Chelsea FC
58%
Italie Gianluigi Donnarumma Paris Saint-Germain
58%
Espagne Iker Casillas Real Madrid
58%
Espagne Lamine Yamal FC Barcelone
58%
Portugal Luís Figo Real Madrid
58%
Brésil Marquinhos Paris Saint-Germain
58%
Ghana Michael Essien Chelsea FC
58%
Nani Nani Manchester United
58%
République Tchèque Pavel Nedvěd Juventus Turin
58%
Pays-Bas Robin van Persie Manchester United
58%
Pays de Galles Ryan Giggs Manchester United
58%
Espagne Sergio Busquets FC Barcelone
58%
Angleterre Cole Palmer Chelsea FC
55%
Espagne Diego Costa Chelsea FC
55%
Uruguay Diego Godín Atlético Madrid
55%
Serbie Dušan Tadić Ajax Amsterdam
55%
Bosnie-Herzégovine Edin Džeko Manchester City
55%
Espagne Fabián Ruiz Paris Saint-Germain
55%
Italie Giorgio Chiellini Juventus Turin
55%
Croatie Ivan Rakitić FC Barcelone
55%
Allemagne Joshua Kimmich FC Bayern München
55%
Italie Leonardo Bonucci Juventus Turin
55%
Allemagne Mats Hummels Borussia Dortmund
55%
France Michael Olise FC Bayern München
55%
Serbie Nemanja Vidić Manchester United
55%
Portugal Rui Costa AC Fiorentina
55%
Belgique Thibaut Courtois Real Madrid
55%
Angleterre Wayne Rooney Manchester United
55%
Brésil Adriano Inter Milan
53%
France David Trezeguet Juventus Turin
53%
Belgique Dries Mertens SSC Napoli
53%
Angleterre Jamie Vardy Leicester City
53%
Slovénie Jan Oblak Atlético Madrid
53%
Sénégal Kalidou Koulibaly SSC Napoli
53%
Espagne Koke Atlético Madrid
53%
France Laurent Blanc Chelsea FC
53%
Norvège Martin Ødegaard Arsenal FC
53%
Pays-Bas Matthijs de Ligt Juventus Turin
53%
Angleterre Phil Foden Manchester United
53%
Colombie Radamel Falcao Atlético Madrid
53%
Brésil Rivaldo FC Barcelone
53%
Algérie Riyad Mahrez Manchester City
53%
Portugal Rúben Dias Manchester City
53%
Brésil Cafu AC Milan
50%
Argentine Carlos Tévez Manchester City
50%
Brésil Casemiro Manchester United
50%
Portugal Deco FC Barcelone
50%
Uruguay Diego Forlán Atlético Madrid
50%
Bulgarie Dimitar Berbatov Manchester United
50%
Brésil Fabinho Liverpool FC
50%
Angleterre John Terry Chelsea FC
50%
Allemagne Mario Götze FC Bayern München
50%
France Patrick Vieira Arsenal FC
50%
République Tchèque Petr Čech Chelsea FC
50%
Angleterre Rio Ferdinand Manchester United
50%
Angleterre Steven Gerrard Liverpool FC
50%
Angleterre Trent Alexander-Arnold Liverpool FC
50%
Espagne Xabi Alonso Real Madrid
50%
Russie Andrey Arshavin Arsenal FC
47%
Allemagne Antonio Rüdiger Real Madrid
47%
Allemagne Bastian Schweinsteiger FC Bayern München
47%
Espagne Cesc Fàbregas Arsenal FC
47%
Angleterre David Beckham Manchester United
47%
Angleterre Declan Rice Arsenal FC
47%
Suisse Granit Xhaka Bayer Leverkusen
47%
Allemagne İlkay Gündoğan Manchester City
47%
Italie Mario Balotelli Manchester City
47%
Croatie Mario Mandžukić Juventus Turin
47%
Allemagne Miroslav Klose FC Bayern München
47%
Écosse Scott McTominay SSC Napoli
47%
Guinée Serhou Guirassy Borussia Dortmund
47%
Pays-Bas Wesley Sneijder Inter Milan
47%
Italie Alessandro Nesta AC Milan
45%
Pays-Bas Clarence Seedorf AC Milan
45%
Togo Emmanuel Adebayor Manchester City
45%
France Éric Abidal FC Barcelone
45%
France Fabien Barthez Manchester United
45%
Argentine Hernán Crespo AC Milan
45%
Corée du Sud Ji-Sung Park Manchester United
45%
Italie Jorginho Chelsea FC
45%
Argentine Julián Álvarez Atlético Madrid
45%
France Mike Maignan AC Milan
45%
Portugal Rafael Leão AC Milan
45%
Brésil Raphinha FC Barcelone
45%
France Yoann Gourcuff Girondins de Bordeaux
45%
Cameroun André Onana Inter Milan
42%
Espagne César Azpilicueta Chelsea FC
42%
Turquie Hakan Çalhanoğlu Inter Milan
42%
Angleterre Joe Cole Chelsea FC
42%
Mali Mahamadou Diarra Olympique Lyonnais
42%
Allemagne Marc-André Ter Stegen FC Barcelone
42%
France Marcel Desailly AC Milan
42%
Angleterre Paul Scholes Manchester United
42%
France Randal Kolo Muani Eintracht Frankfurt
42%
Suède Viktor Gyökeres Sporting Club Portugal
42%
Espagne Dani Olmo RB Leipzig
39%
Serbie Dušan Vlahović Juventus Turin
39%
Italie Filippo Inzaghi AC Milan
39%
Argentine Gonzalo Higuaín Juventus Turin
39%
Mexique Guillermo Ochoa AC Ajaccio
39%
Suède Henrik Larsson FC Barcelone
39%
Brésil Lúcio Inter Milan
39%
Angleterre Raheem Sterling Manchester City
39%
Pays-Bas Ruud van Nistelrooy Manchester United
39%
Brésil Alisson Becker Liverpool FC
37%
Brésil Cris Olympique Lyonnais
37%
Uruguay Darwin Núñez SL Benfica
37%
Espagne David de Gea Manchester United
37%
Pays-Bas Denzel Dumfries Inter Milan
37%
Brésil Dida AC Milan
37%
Italie Gennaro Gattuso AC Milan
37%
Espagne Isco Real Madrid
37%
Argentine Javier Mascherano FC Barcelone
37%
Italie Nicolò Barella Inter Milan
37%
Allemagne Oliver Kahn FC Bayern München
37%
Espagne Raúl Real Madrid
37%
Brésil Roberto Carlos Real Madrid
37%
Irlande Roy Keane Manchester United
37%
France Florent Malouda Chelsea FC
34%
Portugal João Félix SL Benfica
34%
Angleterre Michael Owen Liverpool FC
34%
Brésil Philippe Coutinho Liverpool FC
34%
Danemark Simon Kjaer AC Milan
34%
Ukraine Artem Dovbyk Gérone FC
32%
Pays-Bas Edwin van der Sar Manchester United
32%
Italie Fabio Grosso Olympique Lyonnais
32%
Argentine Juan Sebastián Verón Estudiantes de la Plata
32%
Italie Luca Toni FC Bayern München
32%
Brésil Robinho AC Milan
32%
Australie Tim Cahill Everton FC
32%
Roumanie Adrian Mutu AC Fiorentina
29%
Ghana Asamoah Gyan Stade Rennais
29%
Espagne Gerard Moreno Villarreal CF
29%
Brésil Júlio César Inter Milan
29%
France Ludovic Giuly FC Barcelone
29%
Allemagne Michael Ballack FC Bayern München
29%
Espagne Nico Williams Athletic Bilbao
29%
France William Gallas Chelsea FC
29%
Pays-Bas Donny van de Beek Ajax Amsterdam
26%
Pays-Bas Edgar Davids Juventus Turin
26%
Espagne Fernando Morientes Real Madrid
26%
Argentine Gabriel Batistuta AC Fiorentina
26%
Pays-Bas Georginio Wijnaldum Liverpool FC
26%
Turquie Hakan Şükür Galatasaray
26%
Allemagne Jamal Musiala FC Bayern München
26%
Portugal João Cancelo Manchester City
26%
France Willy Sagnol FC Bayern München
26%
Grèce Angelos Charisteas Werder Bremen
24%
Sénégal El-Hadji Diouf Bolton Wanderers
24%
Mali Frédéric Kanouté Séville FC
24%
Argentine Juan Román Riquelme Villarreal CF
24%
Pays-Bas Mark van Bommel FC Bayern München
24%
Portugal Ricardo Carvalho Chelsea FC
24%
Pays-Bas Roy Makaay FC Bayern München
24%
Italie Gianluca Zambrotta Juventus Turin
21%
France Grégory Coupet Olympique Lyonnais
21%
Croatie Joško Gvardiol Manchester United
21%
Portugal Rui Patrício Wolverhampton Wanderers
21%
Argentine Claudio López Lazio Roma
18%
Brésil Diego Werder Bremen
18%
Portugal Maniche FC Porto
18%
Angleterre Mason Mount Chelsea FC
18%
Pays-Bas Patrick Kluivert FC Barcelone
18%
Côte d'Ivoire Sébastien Haller Borussia Dortmund
18%
Maroc Yassine Bounou Séville FC
18%
Angleterre Jamie Carragher Liverpool FC
16%
Allemagne Jens Lehmann Arsenal FC
16%
Brésil Luís Fabiano Séville FC
16%
Espagne Luis García Liverpool FC
16%
Allemagne Lukas Podolski FC Bayern München
16%
Portugal Ricardo Quaresma FC Porto
16%
Espagne Gaizka Mendieta Valence CF
13%
République Tchèque Milan Baroš Galatasaray
13%
Brésil Tiago Atlético Madrid
13%
Argentine Fernando Redondo Real Madrid
11%
Brésil Mario Jardel Galatasaray
11%
Italie Mauro Camoranesi Juventus Turin
11%
Finlande Sami Hyypiä Liverpool FC
11%
Espagne Marcos Senna Villarreal CF
8%
Italie Roberto Baggio Juventus Turin
8%
Grèce Antonios Nikopolidis Olympiakos Le Pirée
5%
Allemagne Bernd Schneider Bayer Leverkusen
5%
Brésil Emerson AS Roma
5%
Brésil Giovane Elber FC Bayern München
5%
Turquie Hasan Şaş Galatasaray
5%
Brésil Maicon Douglas Inter Milan
5%
Brésil Rogerio Ceni São Paulo FC
5%
Danemark Ebbe Sand Schalke 04
3%
Italie Francesco Toldo Inter Milan
3%
Allemagne Jan Koller Borussia Dortmund
3%
Turquie Nihat Galatasaray
3%
Sénégal Papa Bouba Diop Fulham FC
3%
Allemagne Stefan Effenberg FC Bayern München
3%
Turquie Yıldıray Baştürk Bayer Leverkusen
3%
Italie Damiano Tommasi AS Roma
0%
Équateur Édison Méndez PSV Eindhoven
0%
Pologne Emmanuel Olisadebe Panathinaikos
0%
Espagne Juan Carlos Valerón Deportivo La Corogne
0%
Espagne Rubén Baraja Valence CF
0%
Japon Shunsuke Nakamura Yokohama F. Marinos
0%
Grèce Théodoros Zagorakis AEK Athènes
0%
Grèce Traianos Dellas AEK Athènes
0%
Espagnol Vicente Valence CF
0%
Irak Younis Mahmoud Al-Gharafa
0%
Slovénie Zlatko Zahovič FC Porto
0%
Aucun quiz correspondant
Distribution des résultats
% des personnes avec chaque résultat
Percentile par nombre de réponses
Votre historique - résultats
Vous n’avez pas pris ce quiz